000 00303nam a22001337a 4500
008 181009b xxu||||| |||| 00| 0 eng d
020 _a0306803844
041 _aeng
080 _a321
100 _a19
101 _aSHP
245 _aThe Evolution of Weapons and Warfare
_cDupuy, T.N
942 _2udc
_cBK
999 _c49167
_d49167